[Event "Kiel op-A 29th"]
[Site "Kiel"]
[Date "2016.07.31"]
[Round "3"]
[White "Keyser, Philipp"]
[Black "Rieper, Julian"]
[Result "0-1"]
[WhiteElo "1865"]
[BlackElo "1999"]
[PlyCount "112"]
[EventDate "2016.07.30"]
[EventType "swiss"]
[EventRounds "9"]
[EventCountry "GER"]
[SourceTitle "CBM 173 Extra"]
[Source "ChessBase"]
[SourceDate "2016.08.29"]
[SourceVersion "1"]
[SourceVersionDate "2016.08.29"]
[SourceQuality "1"]

1. e4 e5 2. Nf3 Nc6 3. Bb5 a6 4. Ba4 Nf6 5. 0-0 Be7 6. Re1 b5 7. Bb3 d6 8. c3 0-0 9. h3 Na5 10. Bc2 c5 11. d4 Qc7 12. Nbd2 Bd7 13. Nf1 cxd4 14. cxd4 Nc6 15. Be3 Rfe8 16. Rc1 Qb7 17. d5 Nb4 18. Bb1 a5 19. Ng3 g6 20. Bh6 Na6 21. Nh2 Nc5 22. Qf3 b4 23. Bg5 Kg7 24. Ng4 Bxg4 25. Bxf6+ Bxf6 26. Qxg4 Kh8 27. b3 a4 28. Qf3 Bg5 29. Rc2 axb3 30. axb3 Ra1 31. Nf1 Rea8 32. g3 Kg7 33. h4 Bd8 34. Nd2 Qd7 35. Nc4 Rc8 36. Rec1 h5 37. Ra2 Rxa2 38. Bxa2 Nb7 39. Qd1 Na5 40. Bb1 Nxc4 41. Rxc4 Rxc4 42. bxc4 Bb6 43. Qb3 Qa7 44. Qa2 Qc7 45. Bc2 Qc5 46. Bb3 Qd4 47. Qc2 Bc5 48. Kg2 Qa1 49. Qe2 Qc3 50. Qd1 Bd4 51. Qf3 Qe1 52. Ba4 Bxf2 53. Qxf2 Qxe4+ 54. Qf3 Qxc4 55. Be8 f6 56. Ba4 Qa2+ 0-1

[Event "Kiel op-A 29th"]
[Site "Kiel"]
[Date "2016.07.30"]
[Round "2"]
[White "Rieper, Julian"]
[Black "Jahncke, Giso"]
[Result "1/2-1/2"]
[WhiteElo "1999"]
[BlackElo "2332"]
[PlyCount "129"]
[EventDate "2016.07.30"]
[EventType "swiss"]
[EventRounds "9"]
[EventCountry "GER"]
[SourceTitle "CBM 173 Extra"]
[Source "ChessBase"]
[SourceDate "2016.08.29"]
[SourceVersion "1"]
[SourceVersionDate "2016.08.29"]
[SourceQuality "1"]

1. e4 c5 2. d4 cxd4 3. c3 Nf6 4. e5 Nd5 5. cxd4 d6 6. Nf3 e6 7. Bd2 Be7 8. Nc3 dxe5 9. dxe5 0-0 10. Bc4 Nxc3 11. Bxc3 Qc7 12. Qe2 b6 13. 0-0 Bb7 14. Rac1 Nd7 15. Bd3 Nc5 16. Bd4 Qd8 17. Bxc5 Bxc5 18. Rfd1 Qe7 19. a3 a5 20. Rc3 Rad8 21. Re1 h6 22. Bb1 Rd7 23. g3 Rfd8 24. Be4 Bxe4 25. Qxe4 Rd5 26. Kg2 Qd7 27. h4 Qb5 28. Rc2 Rd3 29. Qc4 Qc6 30. Qe4 Qd7 31. Ree2 Qd5 32. Rc1 Qb3 33. Rcc2 R8d5 34. Rc1 Qa2 35. Qc4 Qxc4 36. Rxc4 b5 37. Rc1 a4 38. Rcc2 g6 39. Ne1 Rd1 40. Nf3 Kg7 41. Rc3 Bb6 42. Rc6 Bd8 43. Rc8 Be7 44. Rc3 R1d3 45. Rec2 f6 46. Rc7 Rd7 47. Rc8 R3d5 48. exf6+ Bxf6 49. Re2 e5 50. Rcc2 Kf7 51. Nd2 Rd4 52. Ne4 Be7 53. Nc3 b4 54. axb4 Rxb4 55. Rxe5 Bf6 56. Ree2 Rc7 57. Nd1 Rcb7 58. Kf1 h5 59. Red2 g5 60. hxg5 Bxg5 61. Rd5 R4b5 62. Rd4 Rb4 63. Rxb4 Rxb4 64. Ke2 h4 65. gxh4 1/2-1/2